00633nam a2200241 a 4500001001300000003000900013005001700022008004100039020001000080082001600090100001700106245002100123260003000144300000900174500003500183505000800218650002200226700001700248902000800265942000700273952009600280999001500376nice12345678IN_TiNIC20260116011616.0050524s1965 amsa grp 000 0 eng  ac10000a297.22bBAK aBakker, Dirk aMan in the Quran aAmsterdambDrukkeric1965 a219p aincludes index and biblioraphy2 aIll aQuranic Teachings1 aBakker, Dirk bSRS cBK 00104070aHMIbHMId2007-07-13g100.00l0o297.22 BAKp03344r2007-07-13w2026-01-16yEB c2870d2870